000 00633nam a2200181Ia 4500
008 151202s9999||||xx |||||||||||||| ||und||
082 _bPNVM-38430
100 _aघाणेकर मुसूदन.
245 _aवैवाहिक जीवन व ग्रहविचार.
260 _b---
260 _c0
300 _a0
600 _aघाणेकर मुसूदन.
630 _aवैवाहिक जीवन व ग्रहविचार.
700 _aघाणेकर मुसूदन.
730 _aवैवाहिक जीवन व ग्रहविचार.
942 _cBOOK
999 _c1304382
_d1304379